000 01154nam a2200337 i 4500
003 EG-GICUC
005 20260310134334.0
008 260122s1984 ua |||fr|||| 00| 0 ara d
017 _a2038/84
020 _a9772380038
040 _a EG-GICUC
_bara
_c EG-GICUC
_d EG-GICUC
_erda
041 0 _aAra
082 0 4 _221
_a343.7
_bأ ح . ع
092 0 4 _221
099 _aLaw1 10 343.7 أ ح . ع 1984
100 0 _aأحمد بلال
_eمؤلف.
245 1 0 _aعلم العقاب /
_cتأليف أحمد بلال.
264 3 _aالقاهرة :
_bشركة دار الإشعاع للطباعة،
_c1984.
300 _a514 صفحة؛
_c24 سم.
_bإيضاحيات، صور، مثيليات ؛
336 _2rda content
_atext
337 _2rda media
_aComputer
338 _2rda carrier
_aOnline Resource
504 _a. 240-220 ببليوجرافيا: صفحات.
546 _aالنص باللغة العربية
650 1 _aعلم العقاب
_2qrmak
650 1 _aالقانون الجنائى
_2qrmak
651 1 _2qrmak
856 4 0 _uhttps://fll.law.cu.edu.eg/fulltext/bks/B10-07959.pdf
905 _a54
942 _2ddc
_cBK
_e21
_n0
999 _c58741
_d58741